Fußball: Rekordnationalspieler Italien - Statistiken

Allgemein
  • Dieses Quiz wurde 435 mal gespielt
  • Das Durchschnittsergebnis liegt bei 10 aus 25
Antwortstatistiken
Jahr des Debüt Spiele Tore Spieler % Korrekt
1997 176 0 Gianluigi Buffon
96%
2004 117 8 Giorgio Chiellini
84%
1998 126 7 Paolo Maldini
84%
2010 121 8 Leonardo Bonucci
81%
2002 116 13 Andrea Pirlo
77%
1995 91 27 Alessandro del Piero
73%
1997 136 2 Fabio Cannavaro
72%
1996 78 0 Alessandro Nesta
59%
2004 117 21 Daniele de Rossi
58%
2000 73 1 Gennaro Gattuso
57%
1982 81 1 Franco Baresi
49%
1968 112 0 Dino Zoff
43%
1999 98 2 Gianluca Zambrotta
42%
2004 73 0 Andrea Barzagli
33%
1982 81 6 Giuseppe Bergomi
16%
1975 78 2 Gaetano Scirea
11%
1976 81 6 Marco Tardelli
10%
1963 94 3 Giacinto Facchetti
9%
2007 66 2 Riccardo Montolivo
9%
1978 73 9 Antonio Cabrini
7%
1991 79 3 Demetrio Albertini
7%
1975 71 1 Claudio Gentile
6%
1963 70 22 Sandro Mazzola
6%
1974 73 7 Giancarlo Antognoni
4%
1963 66 2 Tarcisio Burgnich
4%
Keine übereinstimmenden Quizze gefunden
Verteilung der Resultate
Anzahl Personen mit jedem Resultat
Perzentil nach korrekt beantworteten Fragen
Ihre Resultats-Entwicklung
Sie haben dieses Quiz noch nicht gespielt